| 000 | 01169pam a2200313 a 4500 | ||
|---|---|---|---|
| 001 | 1107445 | ||
| 003 | OSt | ||
| 005 | 20211111103751.0 | ||
| 008 | 930721s1994 paua bf 001 0 eng | ||
| 010 | _a 93029185 | ||
| 020 |
_a9780830642311 _c$26.95 |
||
| 038 | _aKhadija | ||
| 040 |
_aDLC _cDLC _dDLC |
||
| 050 | 0 | 0 |
_aTL220 _b.B68 1994 |
| 082 | 0 | 0 |
_a629.2502 _220 _bBRA |
| 100 | 1 |
_aBrant, Bob. _983860 |
|
| 245 | 1 | 0 |
_aBuild Your Own Electric Vehicle / _cBob Brant. |
| 260 |
_aBlue Ridge Summit, PA : _bTAB Books, _cc1994. |
||
| 300 |
_ax, 310 p. : _bill. ; _c24 cm. |
||
| 504 | _aIncludes bibliographical references (p. 298-301) and index. | ||
| 563 | _aPB | ||
| 650 | 0 |
_aElectric vehicles _xDesign and construction _vAmateurs' manuals. _983861 |
|
| 650 | 0 |
_aAutomobiles, Home-built. _983844 |
|
| 740 | 0 | _aElectric vehicle. | |
| 856 | 4 | 1 |
_3Table of contents _uhttp://www.loc.gov/catdir/toc/mh022/93029185.html |
| 906 |
_a7 _bcbc _corignew _d1 _eocip _f19 _gy-gencatlg |
||
| 942 |
_2ddc _cBK |
||
| 999 |
_c32091 _d32091 |
||